NBA 60-Point Game by Team - Statistics

General Stats
  • This quiz has been taken 1,665 times
    94 since last reset
  • The average score is 19 of 22
Answer Stats
Team Players % Correct
76ers Wilt Chamberlain | Allen Iverson | Joel Embiid
99%
Bucks Giannis Antetokounmpo
98%
Bulls Michael Jordan
98%
Heat Bam Adebayo | LeBron James
95%
Celtics Larry Bird | Jayson Tatum
95%
Lakers Kobe Bryant | Elgin Baylor | Wilt Chamberlain | Luka Dončić | Jerry West | Shaquille O'Neal | George Mikan
93%
Jazz Pete Maravich | Karl Malone
93%
Knicks Carmelo Anthony | Bernard King | Jalen Brunson
91%
Nuggets David Thompson | Nikola Jokić
88%
Mavericks Luka Dončić
88%
Suns Devin Booker | Tom Chambers
86%
Rockets James Harden
86%
Cavaliers Donovan Mitchell
85%
Warriors Wilt Chamberlain | Rick Barry | Joe Fulks | Klay Thompson | Stephen Curry
85%
Trail Blazers Damian Lillard
84%
Hornets Kemba Walker
83%
Spurs David Robinson | George Gervin
78%
Kings De'Aaron Fox
74%
Wizards Gilbert Arenas | Bradley Beal
73%
Nets Kyrie Irving
72%
Timberwolves Karl-Anthony Towns
69%
Magic Tracy McGrady
63%
No matching quizzes found
Score Distribution
Percent of People with Each Score
Percentile by Number Answered
Your Score History
You have not taken this quiz since the last reset